[Event "aut_chT04"]
[Site "Fuerstenfeld"]
[Date "2005.01.16"]
[Round "7"]
[Board "6"]
[White "Feistenauer, Fred"]
[Black "Bawart, Markus"]
[Result "0-1"]
[WhiteElo "2285"]
[BlackElo "2355"]
[PlyCount "50"]

1.e4 Nf6 2.Nc3 d5 3.e5 Ng8 4.f4 h5 5.d4 g6 6.Be3 Nh6 7.Nf3 Bg4 8.h3 Bxf3 9.Qxf3
e6 10.g4 Nc6 11.O-O-O Qd7 12.Bf2 Be7 13.gxh5 gxh5 14.Qxh5 O-O-O 15.Qf3 Nf5
16.Ne2 Bh4 17.Bxh4 Rxh4 18.c3 Nce7 19.Rg1 Qa4 20.a3 c5 21.dxc5 Nc6 22.Rg4 d4
23.Rxh4 Ne3 24.Rd2 Na5 25.Nxd4 Rxd4

[Event "aut_chT04"]
[Site "Fuerstenfeld"]
[Date "2005.01.16"]
[Round "7"]
[Board "1"]
[White "Groszpeter, Attila"]
[Black "Gyimesi, Zoltan"]
[Result "1/2-1/2"]
[WhiteElo "2524"]
[BlackElo "2602"]
[PlyCount "59"]

1.e4 c6 2.d4 d5 3.Nc3 dxe4 4.Nxe4 Bf5 5.Ng3 Bg6 6.h4 h6 7.Nf3 Nd7 8.h5 Bh7 9.Bd3
Bxd3 10.Qxd3 e6 11.Bf4 Qa5+ 12.Bd2 Qc7 13.O-O-O Ngf6 14.Ne4 O-O-O 15.g3 Nxe4
16.Qxe4 Bd6 17.c4 c5 18.d5 Nf6 19.Qc2 exd5 20.cxd5 Qd7 21.Bc3 Rhe8 22.Bxf6 gxf6
23.Nh4 Re5 24.f4 Rxh5 25.Qe2 Rxd5 26.Rxd5 Bxf4+ 27.gxf4 Qxd5 28.Rd1 Qxa2
29.Rxd8+ Kxd8 30.Nf5

[Event "aut_chT04"]
[Site "Fuerstenfeld"]
[Date "2005.01.16"]
[Round "7"]
[Board "2"]
[White "Ftacnik, Lubomir"]
[Black "Tibensky, Robert"]
[Result "1-0"]
[WhiteElo "2539"]
[BlackElo "2442"]
[PlyCount "81"]

1.Nf3 Nf6 2.c4 c6 3.d4 d5 4.Nc3 a6 5.e3 g6 6.Bd3 Bg7 7.O-O O-O 8.h3 Bf5 9.Bxf5
gxf5 10.Qb3 Ra7 11.Bd2 e6 12.Rac1 Ne4 13.Ne2 dxc4 14.Rxc4 c5 15.Rc2 cxd4
16.Nexd4 Nd7 17.Bb4 Re8 18.Rfc1 Ndf6 19.Bc5 Nxc5 20.Rxc5 Qb8 21.Ng5 b6 22.Rc6
Rb7 23.Ndxe6 fxe6 24.Rxe6 Kh8 25.Rxb6 Ree7 26.Rcc6 a5 27.Qb5 Red7 28.f4 Qe8
29.Kh2 Rd5 30.Qc4 Rxb6 31.Rxb6 Rd7 32.Qb5 Rd8 33.Qxf5 h6 34.Ne6 Rd5 35.Nxg7 Rxf5
36.Nxe8 Nxe8 37.Rxh6+ Kg7 38.Ra6 Rc5 39.Kg3 Nc7 40.Ra7 Kf6 41.Kf3

[Event "aut_chT04"]
[Site "Fuerstenfeld"]
[Date "2005.01.16"]
[Round "7"]
[Board "3"]
[White "Ganaus, Hannes"]
[Black "Babula, Vlastimil"]
[Result "1/2-1/2"]
[WhiteElo "2315"]
[BlackElo "2566"]
[PlyCount "82"]

1.e4 c5 2.Nf3 d6 3.c3 Nf6 4.Be2 Nbd7 5.d3 b6 6.Nbd2 Bb7 7.O-O g6 8.Ng5 h6 9.Nh3
d5 10.Qc2 Bg7 11.f4 dxe4 12.dxe4 e5 13.f5 O-O 14.Bc4 Kh8 15.Nf2 a6 16.fxg6 fxg6
17.a4 Bc6 18.Nf3 b5 19.Be2 c4 20.Be3 Qe7 21.Nd2 Nc5 22.axb5 axb5 23.Bf3 Rfd8
24.b3 cxb3 25.Nxb3 Nxb3 26.Qxb3 Ra4 27.Rxa4 bxa4 28.Qb6 Rc8 29.Bc5 Qb7 30.Qxb7
Bxb7 31.Bb4 Bf8 32.Bxf8 Rxf8 33.Ra1 Bc6 34.Nd3 Bxe4 35.Nxe5 Bc2 36.Bd1 Bf5
37.Rxa4 Re8 38.Nf3 Nd5 39.Rc4 Ne3 40.Rd4 Rc8 41.c4 Kg8

[Event "aut_chT04"]
[Site "Fuerstenfeld"]
[Date "2005.01.16"]
[Round "7"]
[Board "4"]
[White "Stanec, Nikolaus"]
[Black "Wallner, Joachim"]
[Result "1-0"]
[WhiteElo "2566"]
[BlackElo "2278"]
[PlyCount "55"]

1.c4 c5 2.g3 g6 3.Bg2 Bg7 4.Nc3 Nc6 5.Nf3 Nf6 6.O-O O-O 7.d4 cxd4 8.Nxd4 Nxd4
9.Qxd4 d6 10.Qd3 Bf5 11.e4 Be6 12.Bd2 Qc8 13.b3 Bh3 14.Rac1 Bxg2 15.Kxg2 Re8
16.f4 Qc6 17.Qf3 Rac8 18.Be3 a6 19.Bd4 b5 20.cxb5 axb5 21.e5 dxe5 22.fxe5 Nd7
23.Nd5 Qe6 24.Nc7 Rxc7 25.Rxc7 Nxe5 26.Bxe5 Bxe5 27.Rc5 b4 28.Rxe5

[Event "aut_chT04"]
[Site "Fuerstenfeld"]
[Date "2005.01.16"]
[Round "7"]
[Board "5"]
[White "Brustkern, Juergen"]
[Black "Weiss, Christian"]
[Result "0-1"]
[WhiteElo "2251"]
[BlackElo "2422"]
[PlyCount "86"]

1.e4 c6 2.d4 d5 3.exd5 cxd5 4.c4 Nf6 5.Nc3 e6 6.Nf3 Be7 7.Bd3 O-O 8.O-O b6
9.cxd5 exd5 10.Ne5 Bb7 11.Re1 Nbd7 12.Qf3 Nxe5 13.dxe5 Ne8 14.Bc2 Nc7 15.Bh6 f5
16.Be3 Bb4 17.Red1 Qe7 18.Bd4 Rad8 19.Qh3 g6 20.Bb3 Ne6 21.a3 Bxc3 22.Bxc3 Kg7
23.Bb4 Nc5 24.Qc3 d4 25.Bxc5 bxc5 26.Qa5 Rc8 27.Bc4 Qxe5 28.Qxa7 Rc7 29.Qa5 Ra8
30.Qd2 Bd5 31.Re1 Qd6 32.Bxd5 Qxd5 33.Qf4 Rd7 34.Rac1 c4 35.h4 h5 36.g3 Rc8
37.Re5 Qf7 38.Re2 Qf6 39.Rd1 d3 40.Qe5 Rb7 41.Qxf6+ Kxf6 42.Red2 Ke5 43.Rc1 Kd5

[Event "aut_chT04"]
[Site "Fuerstenfeld"]
[Date "2005.01.16"]
[Round "7"]
[Board "6"]
[White "Knoll, Hermann"]
[Black "Chulis, Alexander"]
[Result "1-0"]
[WhiteElo "2356"]
[BlackElo "2152"]
[PlyCount "91"]

1.d4 d5 2.Nf3 Nf6 3.c4 e6 4.Nc3 c6 5.e3 Nbd7 6.Qc2 Bd6 7.Be2 O-O 8.O-O Qe7 9.Rd1
Re8 10.h3 a6 11.a3 b5 12.e4 dxe4 13.Nxe4 Nxe4 14.Qxe4 Bb7 15.Bg5 f6 16.Be3 Nf8
17.Qc2 Rac8 18.c5 Bb8 19.Bd3 Rcd8 20.a4 Qc7 21.Be4 g5 22.axb5 axb5 23.Qc3 Qg7
24.Bc2 Ng6 25.Bb3 Qf7 26.Re1 h6 27.Bd2 Kg7 28.g3 Qd7 29.Bc2 Ne7 30.Qd3 f5 31.Qe2
Nd5 32.Ne5 Qe7 33.Ba5 Rc8 34.Qh5 Bxe5 35.Rxe5 Qd7 36.Rae1 Nf6 37.Qe2 Ra8 38.Bc3
Kf7 39.Bb3 Nd5 40.Bd2 Nc7 41.Rxf5+ Kg6 42.Re5 Bc8 43.Qe4+ Kg7 44.Bc2 Rh8 45.Bxg5
hxg5 46.Qg6+

[Event "aut_chT04"]
[Site "Fuerstenfeld"]
[Date "2005.01.16"]
[Round "7"]
[Board "1"]
[White "Boensch, Uwe"]
[Black "Maiwald, Jens-Uwe"]
[Result "1-0"]
[WhiteElo "2540"]
[BlackElo "2514"]
[PlyCount "69"]

1.d4 Nf6 2.c4 g6 3.Nc3 Bg7 4.e4 d6 5.Be2 O-O 6.Bg5 Na6 7.Qc2 Qe8 8.Nf3 h6 9.Bd2
e5 10.dxe5 dxe5 11.Nd5 Nd7 12.b4 c6 13.Ne3 Nc7 14.c5 a5 15.bxa5 Qe7 16.Bb4 Nb8
17.O-O Nba6 18.a3 f5 19.Rad1 f4 20.Nc4 g5 21.Bc3 g4 22.Nfxe5 Qg5 23.Rd6 f3
24.Rg6 fxe2 25.Qxe2 Qh5 26.h3 Ne6 27.Nb6 Nac7 28.hxg4 Qh4 29.Nxa8 Nxa8 30.Rxg7+
Nxg7 31.Ng6 Qg5 32.Nxf8 Kxf8 33.Qf3+ Ke7 34.Bxg7 Qxg7 35.Qg3

[Event "aut_chT04"]
[Site "Fuerstenfeld"]
[Date "2005.01.16"]
[Round "7"]
[Board "2"]
[White "Gross, David"]
[Black "Schlosser, Philipp"]
[Result "1/2-1/2"]
[WhiteElo "2465"]
[BlackElo "2570"]
[PlyCount "30"]

1.e4 c5 2.Nf3 Nc6 3.d4 cxd4 4.Nxd4 Qc7 5.Nc3 e6 6.Be2 a6 7.O-O Nf6 8.Be3 Bb4
9.Na4 Bd6 10.g3 b5 11.Nb6 Rb8 12.Nxc8 Rxc8 13.c4 Nxd4 14.Bxd4 b4 15.c5 Bxc5

[Event "aut_chT04"]
[Site "Fuerstenfeld"]
[Date "2005.01.16"]
[Round "7"]
[Board "3"]
[White "Stangl, Markus"]
[Black "Tabernig, Bernhard"]
[Result "1-0"]
[WhiteElo "2478"]
[BlackElo "2344"]
[PlyCount "89"]

1.Nf3 d5 2.d4 c6 3.c4 Nf6 4.Qb3 Qb6 5.c5 Qc7 6.Nc3 Nbd7 7.Bg5 g6 8.e3 Bg7 9.Bf4
Qd8 10.h3 b6 11.cxb6 axb6 12.Be2 O-O 13.O-O Ba6 14.Rfe1 Bxe2 15.Rxe2 Ra6 16.Ne5
Qa8 17.a3 Rc8 18.Rd1 e6 19.Nxd7 Nxd7 20.e4 Nf6 21.Be5 Nxe4 22.Nxe4 dxe4 23.Rxe4
c5 24.d5 exd5 25.Rxd5 Qc6 26.Bxg7 c4 27.Qc3 Qxd5 28.Bh6 f6 29.Qxf6 Qf7 30.Qd6
Ra7 31.Qxb6 Rb7 32.Qa6 Qd5 33.Rf4 Rbc7 34.h4 Ra8 35.Qb6 Rb7 36.Qe3 Qd1+ 37.Kh2
Qd6 38.g3 Rc8 39.Rxc4 Rd8 40.Re4 Rxb2 41.Qa7 Rd7 42.Qa8+ Rd8 43.Re8+ Kf7 44.Qxd8
Rxf2+ 45.Kh3

[Event "aut_chT04"]
[Site "Fuerstenfeld"]
[Date "2005.01.16"]
[Round "7"]
[Board "4"]
[White "Kroell, Johannes"]
[Black "Lehner, Oliver"]
[Result "0-1"]
[WhiteElo "2234"]
[BlackElo "2406"]
[PlyCount "64"]

1.Nc3 c5 2.g4 d5 3.Bg2 e6 4.d3 Nc6 5.e4 dxe4 6.Nxe4 Nf6 7.Nxf6+ Qxf6 8.Bxc6+
bxc6 9.Qf3 Qe5+ 10.Ne2 Qd5 11.Qe4 e5 12.Rg1 Qxe4 13.dxe4 Be6 14.Bd2 c4 15.Nc3
Be7 16.Na4 O-O 17.Be3 Rfb8 18.O-O-O Rb5 19.Bd2 Rab8 20.f4 c3 21.Bxc3 exf4 22.b3
h6 23.Bd2 g5 24.c4 Re5 25.Rde1 Bd7 26.Bc3 Re6 27.Bd4 Re8 28.Bxa7 Ba3+ 29.Kc2
Rxe4 30.Rxe4 Rxe4 31.Bc5 Re2+ 32.Kb1 f3

[Event "aut_chT04"]
[Site "Fuerstenfeld"]
[Date "2005.01.16"]
[Round "7"]
[Board "5"]
[White "Weinzettl, Ernst"]
[Black "Schiestl, Josef"]
[Result "1-0"]
[WhiteElo "2360"]
[BlackElo "2139"]
[PlyCount "75"]

1.e4 c5 2.Nc3 Nc6 3.Nf3 g6 4.d4 cxd4 5.Nxd4 Bg7 6.Nb3 Nf6 7.Be2 O-O 8.Be3 d6
9.f4 Be6 10.g4 Na5 11.g5 Nd7 12.Bd4 Bxd4 13.Qxd4 Qb6 14.Qxb6 axb6 15.Nd4 Bc4
16.Bg4 Rfd8 17.b3 e5 18.Nf3 f5 19.exf5 gxf5 20.Bxf5 Bf7 21.Bxd7 Rxd7 22.Ne4 Kg7
23.Nf6 Rc7 24.fxe5 dxe5 25.O-O Rxc2 26.Nxe5 Nc6 27.Nxf7 Kxf7 28.Ne4+ Kg7 29.Rad1
Ne5 30.a4 Rf8 31.Nf6 Rc3 32.Rd5 Rc5 33.Rd2 Nf3+ 34.Rxf3 Rxg5+ 35.Kf2 Rxf6
36.Rd7+ Kg6 37.Rxf6+ Kxf6 38.Rxb7

[Event "aut_chT04"]
[Site "Fuerstenfeld"]
[Date "2005.01.16"]
[Round "7"]
[Board "6"]
[White "Eberharter, Johann"]
[Black "Hoellrigl, Wilfried"]
[Result "1/2-1/2"]
[WhiteElo "2106"]
[BlackElo "2234"]
[PlyCount "101"]

1.d4 Nf6 2.Nf3 g6 3.g3 Bg7 4.Bg2 O-O 5.O-O d5 6.Re1 Nbd7 7.c3 c5 8.Nbd2 b6 9.e4
dxe4 10.Nxe4 Nxe4 11.Rxe4 Bb7 12.Re1 cxd4 13.Nxd4 Bxg2 14.Kxg2 e6 15.Be3 Ne5
16.Nf3 Nc4 17.Qe2 Nxe3+ 18.Qxe3 Qc7 19.Qe2 Rad8 20.Rad1 Bf6 21.Kg1 Rxd1 22.Rxd1
Rd8 23.Rxd8+ Qxd8 24.Qd2 Qc7 25.Qd3 Qc6 26.Nd2 b5 27.Ne4 Be7 28.Qd4 a6 29.b3 Qd5
30.Kf1 f5 31.Qxd5 exd5 32.Nd2 Bf6 33.c4 dxc4 34.bxc4 Kf7 35.Ke2 Ke6 36.Kd3 Kd6
37.cxb5 axb5 38.Nb3 Kd5 39.h3 Bg7 40.f3 Bf6 41.Nd2 Kc5 42.g4 Kb4 43.gxf5 gxf5
44.Nf1 Ka3 45.Ne3 f4 46.Nd5 Be5 47.Ke4 Bb8 48.Nc3 b4 49.Nd5 Bd6 50.Kf5 Kxa2
51.Nxb4+

[Event "aut_chT04"]
[Site "Fuerstenfeld"]
[Date "2005.01.16"]
[Round "7"]
[Board "1"]
[White "Bischoff, Klaus"]
[Black "Wells, Peter"]
[Result "1/2-1/2"]
[WhiteElo "2555"]
[BlackElo "2519"]
[PlyCount "45"]

1.c4 e6 2.Nc3 d5 3.d4 c6 4.e3 Nf6 5.Nf3 Nbd7 6.Qc2 Bd6 7.b3 O-O 8.Be2 Qe7 9.O-O
Re8 10.Rd1 dxc4 11.bxc4 e5 12.Rb1 exd4 13.exd4 Nf8 14.h3 Ng6 15.Bf1 Qc7 16.Bg5
Nh5 17.Re1 Bd7 18.c5 Bf8 19.Bc4 Rxe1+ 20.Rxe1 Re8 21.Rb1 Bc8 22.Be3 Nhf4 23.Bf1

[Event "aut_chT04"]
[Site "Fuerstenfeld"]
[Date "2005.01.16"]
[Round "7"]
[Board "2"]
[White "Horvath, Adam"]
[Black "Prusikin, Michael"]
[Result "1-0"]
[WhiteElo "2538"]
[BlackElo "2540"]
[PlyCount "85"]

1.e4 c5 2.Nf3 e6 3.d4 cxd4 4.Nxd4 Nc6 5.Nc3 d6 6.Be3 Nf6 7.f3 Be7 8.Qd2 O-O 9.g4
d5 10.g5 Nh5 11.O-O-O Nxd4 12.Qxd4 Bxg5 13.Rg1 Bxe3+ 14.Qxe3 Qb6 15.Qxb6 axb6
16.exd5 Nf6 17.a3 Rd8 18.Bc4 Kf8 19.Rge1 exd5 20.Nxd5 Nxd5 21.Bxd5 Ra5 22.c4 Rc5
23.b4 Rc7 24.Kb2 Bf5 25.a4 f6 26.Kb3 Rcd7 27.b5 g5 28.Ra1 Kg7 29.Kb4 h5 30.Be6
Bxe6 31.Rxe6 Rd2 32.Rxb6 R8d7 33.a5 Rc7 34.a6 bxa6 35.Rbxa6 Rb2+ 36.Ka3 Rxh2
37.Kb3 g4 38.b6 Rc8 39.fxg4 hxg4 40.Ra8 Rc6 41.R1a7+ Kg6 42.Rg8+ Kf5 43.Ra5+

[Event "aut_chT04"]
[Site "Fuerstenfeld"]
[Date "2005.01.16"]
[Round "7"]
[Board "3"]
[White "Horvath, Jozsef"]
[Black "Kotz, Heinz Peter"]
[Result "1/2-1/2"]
[WhiteElo "2514"]
[BlackElo "2347"]
[PlyCount "31"]

1.d4 Nf6 2.Nf3 g6 3.c4 Bg7 4.g3 O-O 5.Bg2 d6 6.O-O Nbd7 7.Nc3 e5 8.e4 a6 9.Re1
exd4 10.Nxd4 Ng4 11.Nde2 Nge5 12.b3 Nc5 13.Be3 Bg4 14.Bd4 f5 15.exf5 Rxf5
16.Bd5+

[Event "aut_chT04"]
[Site "Fuerstenfeld"]
[Date "2005.01.16"]
[Round "7"]
[Board "4"]
[White "Fahrner, Kurt"]
[Black "Pilaj, Herwig"]
[Result "1-0"]
[WhiteElo "2339"]
[BlackElo "2426"]
[PlyCount "57"]

1.c4 g6 2.Nc3 Bg7 3.d4 d6 4.Nf3 Nf6 5.e3 O-O 6.Be2 Nbd7 7.O-O e5 8.Qc2 Qe7 9.b3
e4 10.Nd2 Re8 11.Ba3 c6 12.Rfe1 Nf8 13.f3 exf3 14.Bxf3 c5 15.dxc5 dxc5 16.Rad1
Bf5 17.e4 Ng4 18.Nf1 Ne5 19.exf5 Nxf3+ 20.gxf3 Bd4+ 21.Rxd4 Qxe1 22.Re4 Rxe4
23.Nxe4 gxf5 24.Nf6+ Kg7 25.Bb2 Rd8 26.Qxf5 Ne6 27.Nd7+ Kh6 28.Ne5 Rd4 29.Qf6+

[Event "aut_chT04"]
[Site "Fuerstenfeld"]
[Date "2005.01.16"]
[Round "7"]
[Board "5"]
[White "Hoelzl, Franz"]
[Black "Ebner, Hubert"]
[Result "1-0"]
[WhiteElo "2370"]
[BlackElo "2258"]
[PlyCount "133"]

1.Nf3 Nf6 2.c4 g6 3.Nc3 Bg7 4.e4 d6 5.d4 O-O 6.Be2 c5 7.O-O cxd4 8.Nxd4 Nc6
9.Be3 Bd7 10.Nb3 Be6 11.f3 Rc8 12.Nd5 Nd7 13.Qd2 Nce5 14.Rac1 Nc5 15.Rfd1 Re8
16.Nd4 a5 17.Nb5 Bxd5 18.cxd5 Ned7 19.Rc2 Ra8 20.Rdc1 a4 21.Na3 Qa5 22.Qxa5 Rxa5
23.Bb5 Rd8 24.Kf1 b6 25.Ke2 f5 26.exf5 gxf5 27.Bc6 Ne5 28.Bb5 Kf7 29.f4 Ned7
30.Kf3 Nb8 31.g3 Nbd7 32.Re1 Bf6 33.Bf1 h5 34.h4 Kg6 35.Nb5 Raa8 36.Nd4 Rf8
37.Bh3 Bh8 38.Nc6 Bf6 39.Bxc5 Nxc5 40.Nxe7+ Bxe7 41.Rxe7 Ra5 42.Rd2 Rb5 43.Bf1
Rb4 44.Re3 Rc8 45.Rc2 Rb8 46.Bg2 Ra8 47.a3 Rd4 48.Ke2 Rb8 49.Bf3 b5 50.Rd2 Rc4
51.Rc3 Re8+ 52.Kf2 Rxc3 53.bxc3 Rc8 54.Re2 Nd3+ 55.Ke3 Rxc3 56.Kd4 Rxa3 57.Re6+
Kg7 58.Bxh5 Nf2 59.Rg6+ Kh7 60.Rxd6 Rxg3 61.Bg6+ Kg7 62.Bxf5 a3 63.h5 Rf3 64.h6+
Kf8 65.Ke5 Nd3+ 66.Kf6 Ke8 67.Bg6+

[Event "aut_chT04"]
[Site "Fuerstenfeld"]
[Date "2005.01.16"]
[Round "7"]
[Board "6"]
[White "Kastner, Walter"]
[Black "Genser, Harald"]
[Result "0-1"]
[WhiteElo "2240"]
[BlackElo "2298"]
[PlyCount "100"]

1.Nf3 d5 2.c4 c6 3.e3 Nf6 4.d4 a6 5.Be2 dxc4 6.Bxc4 b5 7.Be2 Nbd7 8.O-O e6 9.a4
Bb7 10.Nbd2 Bd6 11.e4 e5 12.dxe5 Nxe5 13.Nxe5 Bxe5 14.Qc2 O-O 15.Nf3 Qe7 16.Bg5
h6 17.Nxe5 Qxe5 18.Bxf6 Qxf6 19.Rfd1 Rfd8 20.b4 Qe7 21.Rab1 Rxd1+ 22.Rxd1 Qxb4
23.Rd7 bxa4 24.Qc4 Qb1+ 25.Bf1 Rf8 26.Qxa4 c5 27.f3 Qb6 28.Bc4 Bc6 29.Rd6 Qb1+
30.Rd1 Qxe4 31.fxe4 Bxa4 32.Rd5 Bb5 33.Rxc5 Bxc4 34.Rxc4 Rb8 35.Kf2 Kf8 36.Kf3
a5 37.h4 Ra8 38.Ra4 Ke7 39.Kf4 Ke6 40.g3 Ra7 41.g4 Kd6 42.Kf5 Kc5 43.e5 Kb5
44.Ra1 a4 45.g5 hxg5 46.hxg5 Ra6 47.Rb1+ Kc4 48.Rb7 a3 49.Rxf7 a2 50.Rc7+ Kd4

[Event "aut_chT04"]
[Site "Fuerstenfeld"]
[Date "2005.03.17"]
[Round "8"]
[Board "1"]
[White "Pinter, Jozsef"]
[Black "Rabiega, Robert"]
[Result "1/2-1/2"]
[WhiteElo "2535"]
[BlackElo "2539"]
[PlyCount "103"]

1.d4 d5 2.Nf3 Nc6 3.Bf4 Bg4 4.Nbd2 e6 5.c3 Bd6 6.Bg3 Nf6 7.Qb3 Rb8 8.e3 O-O
9.Bd3 Ne7 10.O-O Bf5 11.c4 c6 12.Rfd1 h6 13.Rac1 Bxd3 14.Qxd3 Nf5 15.Be5 Bxe5
16.dxe5 Nd7 17.e4 Ne7 18.Qa3 a6 19.Re1 Ng6 20.exd5 exd5 21.cxd5 cxd5 22.Qd3 Qa5
23.g3 Ne7 24.Nb3 Qb6 25.Nfd4 Nc6 26.Nxc6 bxc6 27.Nd4 c5 28.Nf3 Qe6 29.b3 Rfd8
30.Rcd1 Nf8 31.Nh4 Ng6 32.Nxg6 fxg6 33.Rc1 Rbc8 34.Rc2 g5 35.Rec1 Qxe5 36.Qxa6
d4 37.Qd3 Rc7 38.Re2 Qd5 39.Rce1 Rf8 40.Re5 Qf7 41.R1e2 c4 42.bxc4 Rxc4 43.Re7
Rc1+ 44.Kg2 Qd5+ 45.Qe4 Qxe4+ 46.R7xe4 d3 47.Rd2 Rd8 48.Kf3 Rf8+ 49.Kg2 Rd8
50.Kf3 Rf8+ 51.Kg2 Rd8 52.Kf3

[Event "aut_chT04"]
[Site "Fuerstenfeld"]
[Date "2005.03.17"]
[Round "8"]
[Board "2"]
[White "Wells, Peter"]
[Black "Balogh, Csaba"]
[Result "1-0"]
[WhiteElo "2519"]
[BlackElo "2519"]
[PlyCount "63"]

1.Nf3 Nf6 2.c4 e6 3.Nc3 Bb4 4.Qb3 c5 5.a3 Ba5 6.g3 O-O 7.Bg2 d5 8.O-O b6 9.cxd5
exd5 10.d4 c4 11.Qc2 Nc6 12.Bg5 Be6 13.e4 Bxc3 14.bxc3 h6 15.Bxf6 Qxf6 16.Nh4
dxe4 17.Bxe4 Bh3 18.Rfe1 Rad8 19.Re3 Ne7 20.Rae1 Nd5 21.Rf3 Qd6 22.Bh7+ Kh8
23.Rxf7 Rxf7 24.Ng6+ Qxg6 25.Bxg6 Rf3 26.Qe4 Rff8 27.Qh4 Bc8 28.Re5 Nxc3 29.Qe7
Bg4 30.d5 Kg8 31.d6 Na4 32.Re4

[Event "aut_chT04"]
[Site "Fuerstenfeld"]
[Date "2005.03.17"]
[Round "8"]
[Board "3"]
[White "Fogarasi, Tibor"]
[Black "Kotz, Heinz Peter"]
[Result "0-1"]
[WhiteElo "2442"]
[BlackElo "2347"]
[PlyCount "98"]

1.e4 e5 2.Nf3 Nc6 3.Bb5 f5 4.Bxc6 dxc6 5.Nc3 fxe4 6.Nxe4 Nf6 7.Qe2 Bg4 8.h3 Bxf3
9.Qxf3 Qd5 10.d3 Bb4+ 11.c3 Be7 12.Bg5 O-O-O 13.Bxf6 gxf6 14.Ke2 Rd7 15.g4 h5
16.Rhd1 hxg4 17.hxg4 Rhd8 18.Qf5 Kb8 19.Rd2 b5 20.b3 Rh8 21.Rc1 Rh3 22.g5 Rh4
23.gxf6 Bf8 24.c4 Qd4 25.cxb5 cxb5 26.Rcc2 Bb4 27.Rd1 Rf4 28.Qg6 Rd8 29.Qh7 Ba5
30.a3 Bb6 31.Ke1 Kb7 32.Qh1 Kb8 33.Qh7 Rg4 34.Qh1 Rdg8 35.Kd2 Qd5 36.b4 Rd8
37.Kc1 Qb3 38.Rc3 Qa2 39.Nc5 Bxc5 40.bxc5 b4 41.Rc2 Qxa3+ 42.Rb2 b3 43.Qe1 Rd5
44.d4 Qa1+ 45.Rb1 Rxc5+ 46.dxc5 Rc4+ 47.Kd2 Qc3+ 48.Ke2 Re4+ 49.Kf1 Qh3+

[Event "aut_chT04"]
[Site "Fuerstenfeld"]
[Date "2005.03.17"]
[Round "8"]
[Board "4"]
[White "Fahrner, Kurt"]
[Black "Baumegger, Siegfried"]
[Result "1-0"]
[WhiteElo "2339"]
[BlackElo "2417"]
[PlyCount "183"]

1.Nf3 Nf6 2.c4 b6 3.Nc3 Bb7 4.e3 e6 5.Be2 d5 6.b3 Bd6 7.Bb2 O-O 8.O-O Nbd7 9.Qc2
a6 10.Rfd1 Qe7 11.a4 e5 12.d4 e4 13.Nd2 c6 14.Nf1 Ne8 15.Qc1 f5 16.Ba3 Rf6 17.f4
Nf8 18.c5 bxc5 19.dxc5 Bb8 20.Nxd5 cxd5 21.c6 Bd6 22.cxb7 Qxb7 23.Rxd5 Rc8
24.Bc4 Kh8 25.Qd2 Bxa3 26.Rxa3 Nc7 27.Rd6 Ne8 28.Rxf6 Nxf6 29.Ra1 Qb6 30.a5 Qa7
31.Rd1 g6 32.Qd6 Kg7 33.Qxa6 Qc5 34.Qb6 Qxb6 35.axb6 Rb8 36.Rd6 N8d7 37.Be6 Nxb6
38.h3 Kf8 39.g4 Ke7 40.Rc6 fxg4 41.hxg4 Ne8 42.g5 Nd6 43.Bg4 Rb7 44.Rc5 Nd7
45.Rc3 Nb6 46.Rc5 Nd7 47.Rc3 Nb6 48.Kf2 Nd5 49.Rc5 Nb4 50.Re5+ Kf7 51.Re6 Nd3+
52.Kg3 Rb6 53.Nd2 Nc5 54.Re5 Nd3 55.Ra5 Rb7 56.Rd5 Ke7 57.Rd4 Nc1 58.Rd5 Nxb3
59.Re5+ Kf8 60.Nxe4 Nc4 61.Rd5 Nxe3 62.Rd8+ Kg7 63.Be6 Nf5+ 64.Bxf5 gxf5 65.Nd6
Ra7 66.Nxf5+ Kf7 67.Kg4 Nc5 68.Nh6+ Ke7 69.Rh8 Ke6 70.f5+ Ke5 71.Re8+ Kd5 72.Kh5
Ra1 73.f6 Ne6 74.f7 Rf1 75.Re7 Kd6 76.Ra7 Rh1+ 77.Kg4 Rg1+ 78.Kh4 Rh1+ 79.Kg3
Rf1 80.Kg2 Rf4 81.Kg3 Rf1 82.Kg2 Rf4 83.Ra5 Ke7 84.Re5 Kd7 85.Nf5 Nf8 86.Kg3 Rf1
87.Re7+ Kd8 88.Re8+ Kd7 89.Kg4 Rg1+ 90.Ng3 Ng6 91.f8=Q Nxf8 92.Rxf8

[Event "aut_chT04"]
[Site "Fuerstenfeld"]
[Date "2005.03.17"]
[Round "8"]
[Board "5"]
[White "Kuba, Guenter"]
[Black "Kastner, Walter"]
[Result "1/2-1/2"]
[WhiteElo "2364"]
[BlackElo "2240"]
[PlyCount "31"]

1.e4 e6 2.d4 d5 3.Nd2 Nf6 4.e5 Nfd7 5.f4 c5 6.c3 Nc6 7.Ndf3 Qb6 8.Ne2 Be7 9.g3
cxd4 10.cxd4 O-O 11.Bh3 f6 12.Bxe6+ Kh8 13.exf6 Nxf6 14.Bxc8 Bb4+ 15.Kf1 Raxc8
16.Kg2

[Event "aut_chT04"]
[Site "Fuerstenfeld"]
[Date "2005.03.17"]
[Round "8"]
[Board "6"]
[White "Pfaffel, Thomas"]
[Black "Wach, Markus"]
[Result "0-1"]
[WhiteElo "2132"]
[BlackElo "2369"]
[PlyCount "66"]

1.e4 Nf6 2.e5 Nd5 3.d4 d6 4.c4 Nb6 5.exd6 cxd6 6.Nc3 g6 7.Be3 Bg7 8.Rc1 O-O
9.Be2 d5 10.b3 dxc4 11.bxc4 Nc6 12.c5 Nd5 13.Nxd5 Qxd5 14.Nf3 Bg4 15.Qa4 Rad8
16.O-O Qd7 17.Kh1 Bxf3 18.Bxf3 Nxd4 19.Qxd7 Rxd7 20.Be4 Rfd8 21.Rb1 Nc6 22.g4
Rc8 23.Rb5 Bd4 24.Rd1 e5 25.Bh6 Nd8 26.f4 exf4 27.Bxf4 Ne6 28.Bxb7 Rxc5 29.Rxc5
Nxc5 30.Bc6 Rd8 31.Bg5 Rd6 32.Bb5 Ne4 33.Be3 Bxe3

[Event "aut_chT04"]
[Site "Fuerstenfeld"]
[Date "2005.03.17"]
[Round "8"]
[Board "1"]
[White "Lanka, Zigurds"]
[Black "Bischoff, Klaus"]
[Result "1/2-1/2"]
[WhiteElo "2455"]
[BlackElo "2555"]
[PlyCount "78"]

1.e4 c5 2.Nf3 d6 3.d4 Nf6 4.Nc3 cxd4 5.Nxd4 a6 6.Be3 e5 7.Nb3 Be6 8.f4 Ng4 9.Bd2
exf4 10.Bxf4 Nc6 11.Qd2 Be7 12.O-O-O O-O 13.Kb1 Re8 14.h3 Nge5 15.g4 Rc8 16.Qg2
Ng6 17.Bg3 Nce5 18.Nd5 Bh4 19.Ne3 Bxg3 20.Qxg3 Bxb3 21.axb3 Qc7 22.Rh2 Ne7
23.Rhd2 Red8 24.g5 b5 25.h4 Qb6 26.h5 a5 27.g6 hxg6 28.hxg6 N5xg6 29.Nf5 Qc5
30.Qh3 Qe5 31.Rh2 Kf8 32.Qh7 a4 33.Rd5 Qf6 34.Bxb5 axb3 35.cxb3 Ne5 36.Qh8+ Ng8
37.Qh3 Ne7 38.Qh8+ Ng8 39.Qh3 Ne7

[Event "aut_chT04"]
[Site "Fuerstenfeld"]
[Date "2005.03.17"]
[Round "8"]
[Board "2"]
[White "Horvath, Jozsef"]
[Black "Maiwald, Jens-Uwe"]
[Result "1/2-1/2"]
[WhiteElo "2514"]
[BlackElo "2514"]
[PlyCount "36"]

1.d4 d6 2.c4 g6 3.Nc3 Bg7 4.e4 Nf6 5.Bd3 O-O 6.Nge2 Nc6 7.O-O Nh5 8.Bc2 e5 9.d5
Ne7 10.a4 a6 11.Ra3 c5 12.a5 f5 13.exf5 gxf5 14.Bg5 h6 15.Bd2 f4 16.Ne4 Kh8
17.Kh1 Bf5 18.N2c3 Bg6

[Event "aut_chT04"]
[Site "Fuerstenfeld"]
[Date "2005.03.17"]
[Round "8"]
[Board "3"]
[White "Gross, David"]
[Black "Pilaj, Herwig"]
[Result "0-1"]
[WhiteElo "2465"]
[BlackElo "2426"]
[PlyCount "96"]

1.e4 e6 2.d4 d5 3.Nc3 Bb4 4.e5 c5 5.a3 Bxc3+ 6.bxc3 Qa5 7.Bd2 Qa4 8.Qb1 c4 9.h4
Nc6 10.h5 h6 11.Nf3 Nge7 12.g3 Kd8 13.Bh3 Kc7 14.O-O Bd7 15.Nh4 Raf8 16.Qb2 g5
17.Ng2 Nf5 18.g4 Nfe7 19.f4 gxf4 20.Rxf4 Rh7 21.Raf1 Ng8 22.Nh4 Nd8 23.Rb1 Re8
24.Qc1 Nc6 25.Qb2 Bc8 26.Rbf1 Re7 27.Qc1 Bd7 28.Nf3 Be8 29.Rf6 Qa5 30.Bxh6 Nxh6
31.Rxh6 Rxh6 32.Qxh6 Qxc3 33.Qd2 Qxd2 34.Nxd2 Nxd4 35.h6 Ba4 36.h7 Re8 37.Rxf7+
Kc6 38.c3 Ne2+ 39.Kf2 Nxc3 40.g5 Nd1+ 41.Ke1 c3 42.Nf3 Kb6 43.Bxe6 Ne3 44.g6 Nc4
45.Rxb7+ Kxb7 46.Bxd5+ Kc7 47.Nd4 c2 48.Nxc2 Bxc2

[Event "aut_chT04"]
[Site "Fuerstenfeld"]
[Date "2005.03.17"]
[Round "8"]
[Board "4"]
[White "Hoelzl, Franz"]
[Black "Tabernig, Bernhard"]
[Result "0-1"]
[WhiteElo "2370"]
[BlackElo "2344"]
[PlyCount "124"]

1.d4 d5 2.c4 c6 3.Nf3 Nf6 4.Qc2 g6 5.Bf4 Bf5 6.Qb3 Qb6 7.e3 Bg7 8.Nc3 Qxb3
9.axb3 O-O 10.c5 Nbd7 11.h3 Ne4 12.b4 a6 13.Na4 f6 14.g4 e5 15.gxf5 exf4 16.Rg1
fxe3 17.fxe3 Bh6 18.Ra3 Kf7 19.fxg6+ hxg6 20.h4 Rae8 21.Bh3 Re7 22.h5 gxh5
23.Nh4 Bg5 24.Nf5 Ree8 25.Nc3 Nxc3 26.Rxc3 Rb8 27.Kd1 Rfd8 28.Re1 Nf8 29.e4 dxe4
30.Rxe4 Ng6 31.Kc2 Kf8 32.Nd6 Nf4 33.Be6 Nxe6 34.Rxe6 Rd7 35.Rf3 Re7 36.Re5 Rxe5
37.dxe5 Ke7 38.Ne4 Rf8 39.Kb3 h4 40.Ka4 Rf7 41.Ka5 fxe5 42.Rh3 Bf6 43.Nd6 Rh7
44.Nxb7 Ke6 45.Kb6 Kf5 46.Rf3+ Kg5 47.Nd6 Bd8+ 48.Kxc6 Kg4 49.Rf1 h3 50.Ne4 h2
51.Kd5 Rb7 52.Rf8 Bh4 53.Rf1 Rxb4 54.c6 Bd8 55.Kxe5 Bc7+ 56.Kd5 Rxb2 57.Ke6 Re2
58.Kd7 Rxe4 59.Kxc7 Rc4 60.Kb7 Kg3 61.Ra1 Rc2 62.c7 Kg2

[Event "aut_chT04"]
[Site "Fuerstenfeld"]
[Date "2005.03.17"]
[Round "8"]
[Board "5"]
[White "Kroell, Johannes"]
[Black "Moser, Guenter"]
[Result "1/2-1/2"]
[WhiteElo "2234"]
[BlackElo "2359"]
[PlyCount "50"]

1.Nc3 c6 2.e4 g6 3.Bc4 Bg7 4.d4 b5 5.Bb3 a5 6.a4 b4 7.Nce2 Nf6 8.e5 Nd5 9.f4 Na6
10.Nf3 Nac7 11.O-O Ba6 12.Rf2 Bxe2 13.Qxe2 e6 14.Bd2 Rb8 15.Raf1 O-O 16.g4 f5
17.g5 Qe7 18.h4 c5 19.h5 Rfc8 20.Rh2 cxd4 21.Nxd4 Qc5 22.Qf2 Qa7 23.Nf3 Qxf2+
24.Kxf2 Na6 25.Be3 Nxe3